Education and the challenge of change : a recurrent education strategy for Britain /

Bibliographic Details
Main Author: Flude, Ray
Other Authors: Parrott, Allen
Format: Book
Language:English
Published: Milton Keynes, England : Open University Press, 1979.
Series:Open University Press series in adult and continuing education.
Subjects:

MARC

Tag First Indicator Second Indicator Subfields
LEADER 00000cam a2200000 a 4500
001 in00000083789
005 20151008054312.0
008 800310s1979 enk b 00110 eng d
020 |a 0335002579 
035 |a (OCoLC)06063393 
035 |9 AAJ0254AM 
040 |a FGM  |c FGM  |d TXA  |d UtOrBLW 
043 |a e-uk-en 
049 |a TXAM  |c [1271908] 
082 0 |a 374 
090 |a LC5256.G7  |b F58 
100 1 |a Flude, Ray. 
245 1 0 |a Education and the challenge of change :  |b a recurrent education strategy for Britain /  |c Ray Flude and Allen Parrott. 
264 1 |a Milton Keynes, England :  |b Open University Press,  |c 1979. 
300 |a 176 pages ;  |c 18 cm. 
336 |a text  |b txt  |2 rdacontent 
337 |a unmediated  |b n  |2 rdamedia 
338 |a volume  |b nc  |2 rdacarrier 
490 1 |a The Open University Press series in adult and continuing education 
504 |a Includes bibliographical references and index. 
650 0 |a Adult education  |z Great Britain. 
700 1 |a Parrott, Allen. 
830 0 |a Open University Press series in adult and continuing education. 
999 |a MARS 
999 f f |s 8c8ab7e0-4a1a-3408-a9a5-355c9a2efbae  |i 87729eff-2f21-3432-96b8-65f35f25258f  |t 0 
952 f f |p normal  |a Texas A&M University  |b College Station  |c Sterling C. Evans Library  |d Evans: Library Stacks  |t 0  |e LC5256.G7 F58  |h Library of Congress classification  |i unmediated -- volume  |m A14806164736 
998 f f |a LC5256.G7 F58  |t 0  |l Evans: Library Stacks